| LEADER | 00789nam a2200193 i 4500 | ||
|---|---|---|---|
| 003 | GR-PaULI | ||
| 005 | 20210319141724.0 | ||
| 008 | 171030s1982 gr g 000 p gre d | ||
| 952 | |0 0 |1 0 |2 ddc |4 0 |6 889_134000000000000_ΜΠΑ |7 0 |9 324127 |a LISP |b LISP |c DON |d 2021-03-19 |e ΓΑΛ |i 145375 |l 0 |o 889.134 ΜΠΑ |p 025000271513 |r 2021-03-19 00:00:00 |t 1 |w 2021-03-19 |y BKN | ||
| 999 | |c 182044 |d 182044 | ||
| 040 | |a GR-PaULI |b gre |c GR-PaULI |e AARC2 | ||
| 082 | 0 | 4 | |2 23 |a 889.134 |
| 100 | 1 | |9 8485 |a Μπασαντής, Διαμαντής |e συγγραφέας. | |
| 245 | 1 | 0 | |a Απόπλους προς το μύθο / |b Μπασαντής Διαμαντής. |
| 260 | |a Αθήνα : |b Συμείον, |c 1982. | ||
| 300 | |a 30 σ. ; |c 21 εκ. | ||
| 655 | 4 | |a Ποίηση | |
| 942 | |2 ddc |c BKN | ||
| 998 | |c ΜΠΟΥΡΑΣ |d 2021-03 | ||